| 000 | 02237nam a2200397 c 4500 | ||
|---|---|---|---|
| 001 | 193458 | ||
| 003 | SpMaBN | ||
| 005 | 20250831115902.0 | ||
| 008 | 191212s2019 sp a | |||| 000 p spa | ||
| 015 | _aMON19 | ||
| 017 |
_aM 6778-2019 _bOficina Depósito Legal Madrid |
||
| 020 | _a9788409090617 | ||
| 040 |
_aSpMaBN _bspa _cSpMaBN _erda _dES-MaACL |
||
| 080 | _a821.134.1-14"19" | ||
| 100 | 1 |
_aMargarit, Joan _d1938-2021 _4aut _9234728 |
|
| 245 | 1 | 4 |
_aUna mujer mayor / _cJoan Margarit, Paula Rego |
| 250 | _aPrimera Edición :2019 | ||
| 260 |
_aAlcobendas, Madrid _bLa Cama Sol Ediciones, _c2019 |
||
| 264 | 1 |
_aAlcobendas, Madrid _bLa Cama Sol Ediciones, _c[2019] |
|
| 264 | 4 | _c©2019 | |
| 300 |
_a149 páginas _bilustraciones (blanco y negro y color) _c24 cm |
||
| 336 |
_aTexto _2rdacontent |
||
| 337 |
_asin mediación _2rdamedia |
||
| 338 |
_avolumen _2rdacarrier |
||
| 520 | _aLa poesía de Margarit en este libro que publica La Cama Sol busca dialogar con la obra de su admirada Paula Rego, una de las artistas actuales más reconocidas. Portuguesa, asentada desde hace años en Londres, donde en 2018 participó en la retrospectiva All Too Human junto a pintores como Lucian Freud, Francis Bacon y Frank Auerbach. El libro que aquí publicamos es un viaje a través de los poemas con los que un poeta de la envergadura de Margarit busca acompañar las pinturas y dibujos de una gran pintora como Paula Rego. Es la coincidencia de dos obras que utilizan la belleza tan sólo como un primer paso hacia la verdad. Contiene 90 Poemas de Joan Margarit y 31 obras de Paula Rego que acompañan cada selección poética de Joan Margarit. | ||
| 655 | 7 |
_aPoesías _2tgfbne _9176539 |
|
| 655 | 7 |
_aLibros ilustrados _2tgfbne _9193653 |
|
| 700 |
_aRego, Paula, _d1935-2022 _4art _9234729 |
||
| 852 |
_aES-MaACL _bR.154812 _cDEPOJ _hDonación: José Lázaro Garcia _jN-9634 _xEncuadernación rústica con solapas _9201108 _g154/500 |
||
| 903 |
_9234219 _aLázaro García, José _ednr |
||
| 942 |
_2udc _cMONOGRAFIA _n0 |
||
| 999 |
_c193458 _d193458 |
||